Digital design with standard MSI and LSI : design techniques for the microcomputer age /

Guardado en:
Autor Principal: Blakeslee, Thomas R., 1937-
Formato: Libro
Idioma:English
Publicado: New York : J. Wiley, c1979.
Edición:2nd ed.
Materias:
Etiquetas: Agregar Etiqueta
Sin Etiquetas, Sea el primero en etiquetar este registro!
LEADER 00939pam a22002535a 4500
001 EIQ.libpla003895
008 781019s1979####nyua#####b####001#0#eng#d
005 20080407184939.0
245 1 0 |a Digital design with standard MSI and LSI :  |b design techniques for the microcomputer age /  |c Thomas R. Blakeslee. 
250 |a 2nd ed. 
260 |a New York :  |b J. Wiley,  |c c1979. 
300 |a xiv, 384 p. :  |b il. ;  |c 24 cm. 
500 |a "A Wiley-Interscience publication." 
504 |a Incluye referencias bibliográficas e índice. 
020 |a 0471052221 
100 1 |a Blakeslee, Thomas R.,  |d 1937- 
082 0 0 |a 621.3819/58/35 
650 4 |a Electrónica  |x Circuito lógico. 
650 4 |a Electrónica  |x Circuitos integrados digitales. 
650 4 |a Electronics  |x Digital integrated circuits. 
650 4 |a Electronics  |x Logic circuits. 
010 |a  78024201  
040 |a DLC  |c DLC  |d AR-BbSID 
859 |a AR-BbSID  |b BIB. PLAPIQUI  |h 621.381 9  |i B 585  |p 2397